Sbírka příkladů z ekonomiky vnitřního obchodu rozbory a plánování
Salvato in:
| Autore principale: | |
|---|---|
| Ente Autore: | |
| Altri autori: | |
| Natura: | Libro |
| Lingua: | ceco |
| Pubblicazione: |
Praha
Státní pedagogické nakladatelství
1985
|
| Tags: |
Nessun Tag, puoi essere il primo ad aggiungerne!!
|
MARC
| LEADER | 00000nam a2200000 4500 | ||
|---|---|---|---|
| 001 | c105924 | ||
| 005 | 20190423124740.2 | ||
| 041 | 0 | |a cze | |
| 044 | |a CZ | ||
| 245 | 1 | 0 | |a Sbírka příkladů z ekonomiky vnitřního obchodu |b rozbory a plánování |c Miloš Mařík, Marie Přibová |
| 264 | 1 | |a Praha |b Státní pedagogické nakladatelství |c 1985 | |
| 300 | |a 157 s. | ||
| 100 | 1 | |a Mařík, Miloš | |
| 700 | 1 | |a Přibová, Marie | |
| 710 | 2 | |a Vysoká škola ekonomická v Praze. Obchodní fakulta | |